| 000 | 00394nam a2200169Ia 4500 | ||
|---|---|---|---|
| 001 | 20307 | ||
| 003 | IN-NITTTR | ||
| 005 | 20251114233232.0 | ||
| 008 | 251113s9999||||xx |||||||||||||| ||eng|| | ||
| 040 | _beng | ||
| 040 | _cIN-NITTTR | ||
| 041 | _aeng | ||
| 082 | _a683.83 M575A | ||
| 100 | _aMeyerink, George | ||
| 245 | 0 |
_aAppliance service handbook. / _cMeyerink, George |
|
| 942 |
_2ddc _cBK |
||
| 999 |
_c22941 _d22941 |
||